[Event "Kavala op 05th"]
[Site "Kavala"]
[Date "1995.??.??"]
[Round "5"]
[White "Banikas, Vasilios"]
[Black "Tsorbatzoglou, Theodoros"]
[Result "0-1"]
[WhiteElo "2175"]
[BlackElo "2310"]
[PlyCount "105"]
[EventDate "1995.??.??"]
[EventType "swiss"]
[EventRounds "9"]
[EventCountry "GRE"]
[SourceTitle "EXT 1997"]
[Source "ChessBase"]
[SourceDate "1996.11.15"]
[SourceVersion "1"]
[SourceVersionDate "1996.11.15"]
[SourceQuality "1"]

1. d4 Nf6 2. c4 c5 3. d5 e5 4. Nc3 d6 5. e4 Be7 6. Be2 Nbd7 7. Nf3 Nf8 8. Qc2 Ng6 9. g3 h6 10. h4 Bg4 11. Be3 a6 12. Nh2 Bxe2 13. Qxe2 h5 14. 0-0 Qd7 15. Bg5 Qh3 16. Bxf6 Bxf6 17. Rfc1 Ne7 18. Qf1 Qd7 19. Nf3 Rh6 20. Kg2 Rg6 21. Qe2 Ng8 22. a3 Nh6 23. b4 Ng4 24. bxc5 dxc5 25. a4 Bd8 26. a5 Rb8 27. Rcb1 Kf8 28. Rb3 Kg8 29. Qd2 b5 30. axb6 Rgxb6 31. Rxb6 Bxb6 32. Rxa6 Bd8 33. Nb5 f5 34. Ra7 Rb7 35. Rxb7 Qxb7 36. exf5 e4 37. Ng5 e3 38. fxe3 Bxg5 39. hxg5 Qe7 40. Qd3 Qxg5 41. d6 Nxe3+ 42. Kf3 Ng4 43. Qd5+ Kh7 44. Qxc5 Nf6 45. Qd4 Qxf5+ 46. Qf4 Qd3+ 47. Kg2 Qe2+ 48. Kg1 Qe1+ 49. Kg2 Qe2+ 50. Kg1 Kg8 51. Nd4 Qxc4 52. Qe5 Qc1+ 53. Kg2 0-1

[Event "Kavala op 05th"]
[Site "Kavala"]
[Date "1995.??.??"]
[Round "8"]
[White "Tsorbatzoglou, Theodoros"]
[Black "Banikas, Hristos"]
[Result "0-1"]
[WhiteElo "2315"]
[BlackElo "2335"]
[PlyCount "126"]
[EventDate "1995.??.??"]
[EventType "swiss"]
[EventRounds "9"]
[EventCountry "GRE"]
[SourceTitle "EXT 1997"]
[Source "ChessBase"]
[SourceDate "1996.11.15"]
[SourceVersion "1"]
[SourceVersionDate "1996.11.15"]
[SourceQuality "1"]

1. d4 Nf6 2. c4 g6 3. Nc3 Bg7 4. e4 d6 5. h3 Nbd7 6. Nf3 e5 7. d5 Nc5 8. Qc2 0-0 9. Bg5 h6 10. Be3 c6 11. Be2 Qe7 12. Nd2 a5 13. a3 Bd7 14. 0-0 Rfc8 15. dxc6 bxc6 16. Bxc5 dxc5 17. Na4 Rcb8 18. Rfd1 Ra7 19. Bf3 Nh7 20. Bg4 Bxg4 21. hxg4 Ng5 22. Rac1 Ne6 23. Nf3 Nd4 24. Nxd4 cxd4 25. Rd3 c5 26. Rb3 Rxb3 27. Qxb3 Rb7 28. Qd3 Bf8 29. Rb1 Qd7 30. Qd1 Qc6 31. f3 Be7 32. b3 Bg5 33. g3 Be3+ 34. Kg2 f5 35. gxf5 gxf5 36. Qd3 f4 37. Rh1 fxg3 38. Rh3 Bf4 39. Rh1 Kg7 40. Rh3 Rb8 41. Rh1 Kg6 42. Rb1 h5 43. Qf1 h4 44. Qh1 Kg5 45. Qh3 Qc8 46. Nxc5 Qxh3+ 47. Kxh3 Rg8 48. Nd3 Kh5 49. Rb2 Be3 50. c5 Bf2 51. Rb1 g2 52. Nxf2 g1Q 53. Rxg1 Rxg1 54. b4 Rg3+ 55. Kh2 Rxf3 56. Nd1 Rxa3 57. b5 Ra2+ 58. Kh3 Rc2 59. c6 Rc5 60. Nb2 Rxb5 61. Na4 Rb4 62. Nc5 Rc4 63. Nd3 Rc3 0-1